000 00343nam a2200145Ia 4500
008 230718s9999 xx 000 0 und d
041 _aEng.
082 _a343-457
_bHAS-S
100 _aHassain syed Abid Regui
245 0 _aStamp Act, 1899
260 _aPakistan
_bMainforce Publicity
_c2004
300 _a152
650 _aLaw
999 _c31756
_d31756